| 000 | 00833nam a2200253Ia 4500 | ||
|---|---|---|---|
| 003 | GCL | ||
| 008 | 140319s9999 xx 000 0 ara d | ||
| 040 |
_aGCL / _cGCL |
||
| 082 | 0 | 4 |
_a338.973 _bب ن |
| 100 | 1 | _aبايلى، مارتن نيل | |
| 245 | 1 | 0 |
_aالنمو مع المساواة: هدف السياسة الاقتصادية للقرن القادم / _cبايلى، مارتن نيل |
| 700 | 1 | _aبيرتلس، جارى | |
| 700 | 1 | _aليتان، روبرت ا0 | |
| 700 | 1 | _aمحمد فتحى صقر | |
| 300 | _a248 ص | ||
| 490 | _a | ||
| 650 | 0 | 4 | _aالاقتصاد |
| 650 | 0 | 4 | _aالولايات المتحدة الامريكية |
| 650 | 0 | 4 | _aالاحوال الاقتصادية |
| 650 | 0 | 4 | _aالتنمية الاقتصادية |
| 650 | 0 | 4 | _aالاسواق |
| 650 | 0 | 4 | _aسياسة |
| 942 |
_2ddc _cBK |
||
| 999 |
_c47706 _d47706 |
||